000 00935nam a2200265Ia 4500
003 OSt
005 20220918110725.0
006 a|||||r|||| 00| 0
007 ta
008 220915b |||||||| |||| 00| 0 hin d
020 _a9788188257768 (hbk (Set))
_c1500
024 _a268946
037 _b233, 29/09/2011, Eastern Book Linkers
_cReference Collections
040 _aARTS
_cARTS
_bhin
041 _2hin
_ahin
082 _aR65,6, 152Q0.1-.3(RR)
100 _aचतुर्वेदी, रमेश
245 0 _aअमृतेश्वरी
246 _aAmṛuteshvarī
260 _aजयपुर
_bहंसा प्रकाशन भारत
_c2010
490 _vभाग 1
650 _aधर्म
_99182
942 _hR65,6, 152Q0.1-.3(RR)
_cREF
999 _c114238
_d114238